[Photocopy of an auction poster dated 1 August 1801, relating to the sale of farms in Chipping, Catterall, Fulwood, Preston, Penwortham and Little Hoole] (Record no. 116653)

MARC details
000 -LEADER
fixed length control field 00764cam a22001935a 4500
001 - CONTROL NUMBER
control field L141195
008 - FIXED-LENGTH DATA ELEMENTS--GENERAL INFORMATION
fixed length control field 071102s1801 xxk eng u
035 ## - SYSTEM CONTROL NUMBER
System control number (Sirsi) u141195
041 0# - LANGUAGE CODE
Language code of text/sound track or separate title eng
245 01 - TITLE STATEMENT
Title [Photocopy of an auction poster dated 1 August 1801, relating to the sale of farms in Chipping, Catterall, Fulwood, Preston, Penwortham and Little Hoole]
260 ## - PUBLICATION, DISTRIBUTION, ETC.
Place of publication, distribution, etc. Preston
Name of publisher, distributor, etc. s.n.
Date of publication, distribution, etc. 1801
300 ## - PHYSICAL DESCRIPTION
Extent 1 sheet
Dimensions 41 x 33 cm., folded to 20 x 16 cm.
340 ## - PHYSICAL MEDIUM
Material base and configuration Photocopy
351 ## - ORGANIZATION AND ARRANGEMENT OF MATERIALS
Hierarchical level Single item
500 ## - GENERAL NOTE
General note Sale took place on Friday 6 September 1801 at Fisher's, Sign of the Castle, in the market place, Preston.
651 4# - SUBJECT ADDED ENTRY--GEOGRAPHIC NAME
Geographic name Lancashire
690 ## - LOCAL SUBJECT ADDED ENTRY--TOPICAL TERM (OCLC, RLIN)
Topical term or geographic name as entry element PROPERTY-PROPERTY ACQUISITION AND DISPOSAL-ACQUISITION AND DISPOSAL AT AUCTION
942 ## - ADDED ENTRY ELEMENTS (KOHA)
Suppress in OPAC 0
Holdings
Withdrawn status Lost status Source of classification or shelving scheme Damaged status Not for loan Home library Current library Shelving location Date acquired Total Checkouts Full call number Barcode Date last seen Copy number Price effective from Koha item type
    Dewey Decimal Classification     London London Basement 02/11/2007   BASEMENT BOX 5 141195-1001 06/08/2019 1 06/08/2019 Archive